TV Shows by Person, Place, and Thing Quiz Stats

 Plays Quiz Updated Feb 22, 2019

Support Sporcle.
Go Orange.
Score 0/25 Timer 04:00
3 Plays Today
% Correct
SpongeBob SquarePants
93.7%
Family Guy
90.3%
Once Upon a Time
88.1%
Lost
84.3%
Glee
84%
Weeds
81.7%
Breaking Bad
81.1%
Mad Men
77.9%
Boardwalk Empire
76.1%
The Walking Dead
74.4%
The Sopranos
74.3%
Battlestar Galactica
73.5%
Game of Thrones
71.8%
% Correct
Futurama
70.9%
Arrested Development
67.5%
Parks and Recreation
63.9%
Avatar: The Last Airbender
63.9%
True Blood
61.4%
Dexter
60.6%
Spartacus
59.1%
Pokémon
56.6%
White Collar
51.3%
Psych
44.4%
Chuck
40.7%
Firefly
36.5%

From the Vault

Are You Smarter Than a College Student? XXIV

by sproutcm

The only thing college students have and you don't is a load of student loans and access to crappy dorm food. You got this in the bag!
Remove Ads.
Support Sporcle.
Get the best of Sporcle when you Go Orange. This ad-free experience offers more features, more stats, and more fun while also helping to support Sporcle. Thank you for becoming a member.

Show Comments

Extras

Top Quizzes Today


Score Distribution

Your Account Isn't Verified!

In order to create a playlist on Sporcle, you need to verify the email address you used during registration. Go to your Sporcle Settings to finish the process.

Report this User

Report this user for behavior that violates our Community Guidelines.

Details: